Normal view
MARC view
Entry Personal Name
001 - CONTROL NUMBER
- control field: 556637
003 - CONTROL NUMBER IDENTIFIER
- control field: OSt
005 - DATE AND TIME OF LATEST TRANSACTION
- control field: 20220930094908.0
008 - FIXED-LENGTH DATA ELEMENTS
- fixed length control field: 220930|| aca||aabn | a|a d
040 ## - CATALOGING SOURCE
- Original cataloging agency: OSt
- Transcribing agency: OSt
100 ## - HEADING--PERSONAL NAME
- Personal name: दिल्ली विश्वविद्यालय. कला संकाय. संस्कृत
670 ## - SOURCE DATA FOUND
- Source citation: Work cat.: (OSt)887888: पाण्डेय, पीयूष, ले., बृहत्त्रयी में ज्योतिषतत्त्व, 2016
